00803cam a22002291 4500001001300000003000400013005001700017008004100034010001700075035002000092040001900112042001200131050001800143100003900161245015800200260004600358300003900404651004100443650002500484700004700509999001700556sa 64001298 DLC20260227112001.0951006s1943 ii ac 000 0 eng  asa 64001298  a(OCoLC)33257745 aDLCcNSyUdDLC apremarc00aHC438.B6bS451 aShah, Vallabhdas Vithaldas,d1914-10aReport on the economic and nutrition survey of Gujarati middle class families in Bombay City,cby V.V. Shah and M.H. Patel. With a pref. by H.V. Divatia. aBombay,bGujarat Research Society,c1943. aiii, 72 p.bport., tables.c25 cm. 0aMumbai (India)xEconomic conditions. 0aDietzIndiazMumbai.1 aPatel, Madhusudan Himatlal,ejoint author. c56677d56677